| 000 | 01009nam a22002657a 4500 | ||
|---|---|---|---|
| 999 |
_c64447 _d64447 |
||
| 005 | 20240530110732.0 | ||
| 008 | 180422s2016 ua a b 000 0dara d | ||
| 017 |
_a2017/27369 _bمصر. دار الكتب |
||
| 020 | _a9789773833388 | ||
| 040 |
_aEG-CaGPL _cEG-CaGPL |
||
| 082 | 0 | 4 |
_221 _a152 \ _bأ م |
| 100 | 0 | _aاحمد موسى | |
| 245 | 1 | 2 |
_aالمخ واللغة واليد السائدة : _bالاسس النفسية العصبية لمعالجة اللغة فى المخ / _cاحمد موسى ؛ تقديم احمد عكاشة . |
| 250 | _aط.1 | ||
| 260 |
_aالقاهرة : _bايتراك للطباعة و النشر و التوزيع ، _c2017 . |
||
| 300 |
_a336 ص. ؛ _c24 سم. |
||
| 650 | 0 | 7 |
_2qrmak _aعلم النفس اللغوى |
| 650 | 0 | 7 |
_2qrmak _aاليد اليمنى |
| 650 | 0 | 7 |
_2qrmak _aاللغة |
| 650 | 0 | 7 |
_2qrmak _aالمخ |
| 651 | _2qrmak | ||
| 700 | 0 |
_aاحمد عكاشة _eمقدم |
|
| 942 |
_2ddc _cBK |
||